[Event "5th EKA IIFL Investment 2019"]
[Site "Mumbai"]
[Date "2020.01.01"]
[Round "3.53"]
[White "Bommini Mounika Akshaya"]
[Black "Anuj Shrivatri"]
[Result "0-1"]
[WhiteElo "2113"]
[BlackElo "2348"]
[Annotator "TA"]
[PlyCount "54"]
[EventDate "2019.12.30"]
[EventType "swiss"]
[EventCountry "IND"]
[SourceTitle "playchess.com"]
[Source "ChessBase"]
[SourceQuality "1"]

{[%evp 19,54,0,0,0,0,0,0,0,0,0,0,0,0,0,0,0,0,-25,-25,-25,-25,-25,-16,-25,-27,-15,-33,-366,-57,-395,-392,-796,-763,-1096,-1076,-2130,-2265]} 1. d4 Nf6 2. c4 g6 3. Nc3 Bg7 4. e4 d6 5. f4 c5 6. d5 O-O 7. Nf3 e6 8. dxe6 fxe6 9. Bd3 Nc6 10. O-O Nd4 11. Nxd4 {E76: King's Indian: Four Pawns Attack: Lines specific to 6 Nf3 move-order} (11. Bd2 Bd7 12. Nxd4 cxd4 13. Nb5 Bc6 14. Qe2 Ne8 15. e5 Bxb5 16. cxb5 dxe5 17. fxe5 Nc7 18. Rxf8+ Qxf8 {½-½ (77) Ponomariov,R (2726)-Vovk,Y (2562) Kiev 2012}) 11... cxd4 12. Nb5 e5 13. fxe5 {The position is equal.} dxe5 14. c5 Be6 15. Qc2 Ne8 16. Bd2 a6 17. Bc4 $146 ({Predecessor:} 17. Na3 Rc8 18. b4 b5 {1-0 (53) Lopez Pajuelo,A (1904)-Boixader Arbo,X (1684) Llinars del Valles 2014}) 17... Qe7 18. Bg5 Qxg5 19. Bxe6+ Kh8 20. Nd6 $1 Nxd6 21. cxd6 Qe3+ 22. Kh1 d3 23. Qc4 $2 {[%mdl 8192]} (23. Qc3 $1 $15) 23... Rxf1+ $1 $40 {[%mdl 128] Black has some attack.} 24. Rxf1 {[#] Hoping for Bc8.} Rf8 $1 {[%cal Rf8f1]} 25. Rg1 $2 {[#]} (25. Rxf8+ Bxf8 26. h3) 25... Bh6 $1 {Black is clearly winning.} 26. Bf7 d2 {( -> ...Qxg1+!)} 27. Qf1 {[#]} Rxf7 $1 {[%mdl 576] Back Rank, Promotion. Accuracy: White = 38%, Black = 95%.} 0-1

[Event "5th EKA IIFL Investment 2019"]
[Site "Mumbai"]
[Date "2020.01.01"]
[Round "3.54"]
[White "Parnali, S Dharia"]
[Black "Dixit, Nikhil"]
[Result "1-0"]
[WhiteElo "2102"]
[BlackElo "2318"]
[Annotator "RC"]
[PlyCount "35"]
[EventDate "2019.12.30"]
[EventType "swiss"]
[EventCountry "IND"]
[SourceTitle "playchess.com"]
[Source "ChessBase"]
[SourceQuality "1"]
[TimeControl "40/5400+30:1800+30"]

1. d4 Nf6 2. c4 g6 3. Nc3 Bg7 4. e4 d6 5. f3 O-O 6. Nge2 c6 7. Be3 e5 8. d5 cxd5 9. cxd5 a6 10. Qd2 b5 11. Nc1 Bd7 12. b4 Nh5 13. Nb3 f5 14. Bd3 Qh4+ 15. Bf2 Qe7 16. O-O-O Nf4 17. Be3 Rc8 18. Kb2 1-0

[Event "5th EKA IIFL Investment 2019"]
[Site "Mumbai"]
[Date "2020.01.01"]
[Round "3.55"]
[White "Aakash Sharadchandra, Dalvi"]
[Black "Shailesh, Dravid"]
[Result "0-1"]
[WhiteElo "2107"]
[BlackElo "2311"]
[Annotator "RC"]
[PlyCount "59"]
[EventDate "2019.12.30"]
[EventType "swiss"]
[EventCountry "IND"]
[SourceTitle "playchess.com"]
[Source "ChessBase"]
[SourceQuality "1"]
[TimeControl "40/5400+30:1800+30"]

1. d4 Nf6 2. c4 c5 3. d5 g6 4. Nc3 Bg7 5. e4 O-O 6. Bd3 e6 7. Nf3 exd5 8. cxd5 d6 9. h3 a6 10. a4 Nbd7 11. Bf4 Re8 12. O-O Qc7 13. Re1 Rb8 14. Bh2 Nh5 15. Nd2 Bh6 16. Nc4 Bf4 17. a5 b5 18. axb6 Nxb6 19. Qf3 Bxh2+ 20. Kxh2 Nxc4 21. Bxc4 Rxb2 22. Bxa6 Qe7 23. Bxc8 Qe5+ 24. g3 Rxc8 25. Ra7 f5 26. Nd1 Rb4 27. exf5 Qxe1 28. fxg6 Qe8 29. Qxh5 Qxg6 30. Qe2 0-1

[Event "5th EKA IIFL Investment 2019"]
[Site "Mumbai"]
[Date "2020.01.01"]
[Round "3.56"]
[White "Sarbojit Paul"]
[Black "Rohith, Krishna S"]
[Result "0-1"]
[WhiteElo "2084"]
[BlackElo "2306"]
[Annotator "TA"]
[PlyCount "127"]
[EventDate "2019.12.30"]
[EventType "swiss"]
[EventCountry "IND"]
[SourceTitle "playchess.com"]
[Source "ChessBase"]
[SourceQuality "1"]

{[%evp 36,127,65,0,68,0,47,0,72,0,42,0,76,0,38,0,67,0,44,37,65,0,50,0,65,0,44,0,60,0,42,0,59,0,38,0,65,0,41,0,64,0,41,0,73,42,46,0,63,0,48,0,65,0,45,0,76,0,43,0,59,0,57,0,73,0,35,0,70,62,93,0,60,0,83,37,63,56,69,51,60,55,79,85,104,77,64,60,80,109,87,45,90,-21]} 1. e4 e5 2. Nf3 Nc6 3. Bb5 a6 4. Ba4 Nf6 5. O-O Be7 6. Re1 b5 7. Bb3 d6 8. c3 O-O 9. h3 Na5 10. Bc2 c5 11. d4 Qc7 12. Nbd2 Re8 13. b3 Bf8 14. Nf1 g6 15. d5 Bg7 16. N3h2 (16. Ng3 Nb7 17. Bg5 h6 18. Be3 Bd7 19. Qd2 Kh7 20. Nh2 h5 21. Rf1 c4 22. Rac1 cxb3 23. axb3 {1-0 (66) Kamsky,G (2717)-Eljanov,P (2716) Jermuk 2009}) 16... Bf8 17. Nf3 Bg7 18. N3h2 Bf8 19. Nf3 Bg7 $1 {C97: Closed Ruy Lopez: Chigorin Defence: 11 d4 Qc7, sidelines} 20. N3h2 ({White should try} 20. Ng3 $14) 20... Nb7 21. Nf3 Na5 {The position is equal.} 22. N3h2 Nb7 23. Nf3 Na5 24. N3h2 Nb7 25. Nf3 Na5 26. N3h2 Nb7 27. Bg5 Na5 28. Bc1 Nb7 29. Bg5 Na5 30. Bc1 Nb7 31. Bg5 Na5 32. Bc1 Nb7 33. Bg5 Na5 34. Bc1 (34. Ng3 $14) 34... Nb7 35. Bg5 Na5 $146 ({Predecessor:} 35... a5 36. Qf3 Nh5 37. Rac1 c4 38. bxc4 bxc4 39. Ba4 {0-1 (72) Small,B-Figueroa,C Novi Sad 1990}) 36. Bc1 Nb7 37. Bg5 Na5 38. Bc1 Nb7 39. Bg5 Kh8 (39... Na5 $11 {remains equal.}) 40. Nf3 Kg8 41. N3h2 Kh8 (41... Na5 $11) 42. Nf3 Kg8 43. N3h2 Kh8 (43... Na5 $11) 44. Nf3 Kg8 45. N3h2 Kh8 (45... Na5 $11) 46. Nf3 Kg8 47. N3h2 Kh8 (47... Na5 $11) 48. Nf3 Kg8 49. N3h2 (49. c4 $14) 49... Kh8 (49... Na5 $11) 50. Nf3 Kg8 51. N3h2 Kh8 (51... Na5 $11) 52. Ng3 $14 Kg8 53. Ngf1 (53. c4 $16) 53... Kh8 ({Better is} 53... Na5 $11) 54. Ng3 (54. c4 $14) 54... Ng8 (54... Kg8 $1 $11 {keeps the balance.}) 55. h4 f6 56. Bd2 Qf7 57. a4 {aiming for axb5.} Bd7 58. h5 bxa4 59. bxa4 Na5 60. hxg6 hxg6 61. Nhf1 f5 62. exf5 gxf5 63. Qf3 {[%cal Rg3f5]} Rf8 {[#]} 64. Nh5 {[%mdl 32768] Accuracy: White = 13%, Black = 76%. . Loss on time!?} (64. Rab1 $1 $16) 0-1

[Event "5th EKA IIFL Investment 2019"]
[Site "Mumbai"]
[Date "2020.01.01"]
[Round "3.57"]
[White "Ram Prakash, R."]
[Black "Saravana, Krishnan P."]
[Result "0-1"]
[WhiteElo "2191"]
[BlackElo "2304"]
[Annotator "RC"]
[PlyCount "96"]
[EventDate "2019.12.30"]
[EventType "swiss"]
[EventCountry "IND"]
[SourceTitle "playchess.com"]
[Source "ChessBase"]
[SourceQuality "1"]
[TimeControl "40/5400+30:1800+30"]

1. c4 {[%emt 0:00:00]} e5 {[%emt 0:00:00]} 2. g3 {[%emt 0:00:00]} Nf6 {[%emt 0:00:05]} 3. Bg2 {[%emt 0:00:01]} Bc5 {[%emt 0:00:57]} 4. Nc3 {[%emt 0:00:14]} O-O {[%emt 0:01:01]} 5. e3 {[%emt 0:00:10]} Re8 {[%emt 0:02:24]} 6. Nge2 {[%emt 0:01:26]} d6 {[%emt 0:03:29]} 7. O-O {[%emt 0:03:10]} c6 {[%emt 0:02:39]} 8. d4 {[%emt 0:00:26]} Bb6 {[%emt 0:00:37]} 9. b4 {[%emt 0:12:35]} e4 {[%emt 0:04:32]} 10. h3 {[%emt 0:08:39]} d5 {[%emt 0:02:14]} 11. cxd5 {[%emt 0:02:55]} cxd5 12. Bb2 {[%emt 0:01:17]} Nc6 {[%emt 0:01:59]} 13. a3 Bc7 {[%emt 0:01:47]} 14. Rc1 {[%emt 0:00:34]} Bb6 {[%emt 0:00:00]} 15. Ra1 {[%emt 0:00:30]} Bc7 {[%emt 0:01:00]} 16. Rc1 {[%emt 0:00:00]} Bb6 {[%emt 0:00:00]} 17. Ra1 {[%emt 0:01:00]} Bc7 {[%emt 0:01:00]} 18. Rc1 {[%emt 0:00:00]} Bb6 {[%emt 0:00:00]} 19. Ra1 {[%emt 0:01:00]} Bc7 {[%emt 0:01:00]} 20. Rc1 Bd7 {[%emt 0:08:05]} 21. Qb3 {[%emt 0:01:31]} Ne7 {[%emt 0:08:24]} 22. a4 {[%emt 0:00:55]} Rc8 {[%emt 0:01:59]} 23. Ba3 {[%emt 0:04:34]} Be6 {[%emt 0:02:07]} 24. Rc2 {[%emt 0:04:38]} Qd7 {[%emt 0:01:30]} 25. Kh2 {[%emt 0:00:26]} Nf5 {[%emt 0:00:00]} 26. Kg1 {[%emt 0:00:34]} Ne7 {[%emt 0:01:00]} 27. Kh2 {[%emt 0:00:26]} Nf5 {[%emt 0:06:15]} 28. Kg1 {[%emt 0:09:58]} Bb8 {[%emt 0:04:30]} 29. Rfc1 {[%emt 0:02:35]} Bc7 {[%emt 0:00:00]} 30. Rf1 {[%emt 0:00:00]} Bb8 {[%emt 0:01:00]} 31. Rfc1 {[%emt 0:01:00]} Ne7 {[%emt 0:02:11]} 32. Kh2 {[%emt 0:02:23]} h5 {[%emt 0:01:40]} 33. a5 {[%emt 0:02:49]} h4 {[%emt 0:08:20]} 34. Na4 {[%emt 0:00:35]} hxg3+ {[%emt 0:02:09]} 35. fxg3 {[%emt 0:00:06]} Nh5 {[%emt 0:00:42]} 36. Rxc8 {[%emt 0:12:58]} Rxc8 {[%emt 0:00:48]} 37. Rxc8+ {[%emt 0:01:25]} Qxc8 {[%emt 0:00:18]} 38. Nf4 {[%emt 0:06:24]} Nxg3 {[%emt 0:01:00]} 39. Kxg3 {[%emt 0:00:10]} g5 {[%emt 0:00:04]} 40. Qd1 {[%emt 0:05:00]} gxf4+ {[%emt 0:02:17]} 41. exf4 {[%emt 0:30:05]} Bxf4+ {[%emt 0:30:37]} 42. Kxf4 {[%emt 0:01:37]} Qc7+ {[%emt 0:00:34]} 43. Kg5 {[%emt 0:01:03]} Qg3+ {[%emt 0:01:58]} 44. Kf6 {[%emt 0:00:26]} Qh4+ {[%emt 0:00:24]} 45. Ke5 {[%emt 0:00:29]} Ng6+ {[%emt 0:00:23]} 46. Kd6 {[%emt 0:00:18]} Qd8+ {[%emt 0:00:18]} 47. Kc5 {[%emt 0:00:13]} Qc7+ {[%emt 0:00:05]} 48. Kb5 {[%emt 0:00:13]} a6# {[%emt 0:00:05]} 0-1

[Event "5th EKA IIFL Investment 2019"]
[Site "Mumbai"]
[Date "2020.01.01"]
[Round "3.58"]
[White "Pranav Vijay"]
[Black "Zia, Tahsin Tajwar"]
[Result "1-0"]
[WhiteElo "2265"]
[BlackElo "2148"]
[Annotator "TA"]
[PlyCount "39"]
[EventDate "2019.12.30"]
[EventType "swiss"]
[EventCountry "IND"]
[SourceTitle "playchess.com"]
[Source "ChessBase"]
[SourceQuality "1"]

{[%evp 14,39,33,6,42,4,43,33,71,65,90,82,91,76,122,124,125,116,177,164,184,146,235,231,244,227,469,392]} 1. e4 c6 2. d4 d5 3. e5 Bf5 4. Nf3 e6 5. Be2 Ne7 6. O-O h6 7. c3 Nd7 {[%cal Bb8d7,Bd7f8,Bf8g6,Bg6f4][%mdl 32]} 8. Na3 {[%cal Bb1a3,Ba3c2,Bc2e3][%mdl 32]} Qc7 {B12: Caro-Kann: Advance Variation} 9. Re1 (9. b3 g5 10. c4 a6 11. Nc2 dxc4 12. bxc4 O-O-O 13. Bb2 Bg7 14. Qc1 c5 15. d5 exd5 16. cxd5 Nxd5 {½-½ (51) Sevian,S (2624)-Le,Q (2728) Philadelphia 2018}) 9... g5 10. Nc2 Bg7 {White is slightly better.} 11. Ne3 Nf8 $146 ({Predecessor:} 11... Bg6 12. b4 f6 13. exf6 Nxf6 14. Ne5 O-O 15. Bd3 Bxd3 16. Qxd3 {1-0 (82) Sunilduth Lyna,N (2573)-Gunina,V (2502) Caleta 2018}) 12. b3 Nfg6 13. h3 Nf4 14. Bf1 Be4 15. g3 Bxf3 (15... Nfg6 $16 16. Nd2 O-O-O) 16. Qxf3 $18 Nfg6 17. Ng4 b6 (17... Nf5 $16 {was necessary.} 18. Bd3 Qd7) 18. Bd3 Nf8 19. Ba3 c5 $2 {[#]} (19... h5) 20. Bb5+ {Accuracy: White = 81%, Black = 24%.} 1-0

[Event "5th EKA IIFL Investment 2019"]
[Site "Mumbai"]
[Date "2020.01.01"]
[Round "3.59"]
[White "Jeet, Jain"]
[Black "Kamdar Udit"]
[Result "0-1"]
[WhiteElo "2258"]
[BlackElo "2107"]
[Annotator "TA"]
[PlyCount "54"]
[EventDate "2019.12.30"]
[EventType "swiss"]
[EventCountry "IND"]
[SourceTitle "playchess.com"]
[Source "ChessBase"]
[SourceQuality "1"]

{[%evp 31,98,0,0,0,10,-27,0,-59,-52,-40,-35,-41,-33,-52,-54,-110,-58,-57,-62,-52,-45,-797,-46,-105,0,-260,-252,-410,-422,-448,0,-483,0,-346,-79,-89,-78,-251,-244,-500,-493,-506,-493,-452,-150,-29998,0,-430,0,-988,-1283,-4798,-3747,-1419,-1572,-5704,-5189,-29968,-29969,-29983,0,-758,0,-29983,-29984,-29984,-29985,-29987,-29988]} 1. e4 c5 2. Nf3 d6 3. d4 cxd4 4. Nxd4 Nf6 5. Nc3 a6 6. Bg5 e6 7. f4 h6 8. Bh4 Be7 9. Qf3 Nbd7 10. O-O-O Qc7 11. g4 g5 12. fxg5 Ne5 13. Qg3 Ned7 14. Qf3 Ne5 15. Qg3 Ned7 16. Qf3 Ne5 17. Qg3 $1 {B99: Sicilian Najdorf: 6 Bg5 e6 7 f4 Be7 8 Qf3 Qc7 9 0-0-0 Nbd7} Nfxg4 18. g6 $146 (18. gxh6 Bxh4 19. Qxh4 Qe7 20. Qg3 Qf6 21. Kb1 Qf2 22. Rg1 Qxg3 23. Rxg3 Rxh6 24. h3 Nf6 {0-1 (35) Brazdzionis,A (2322)-Wang,T (2396) Tarvisio 2017}) 18... fxg6 {Threatens to win with ...g5.} 19. Bh3 (19. Be2 $11 Bxh4 20. Qxh4) 19... h5 $15 {White must now prevent ...g5.} 20. Bxg4 hxg4 21. Bxe7 Qxe7 22. Na4 Rh3 23. Qe1 ({Better is} 23. Qf2 $15) 23... b5 (23... Qc7 $1 $17 24. Nc3 Bd7) 24. Nb6 Rb8 25. Nxc8 Rxc8 26. Qg3 $2 {[%mdl 8192]} (26. Kb1 $15) 26... Rb8 $2 (26... Rxg3 $19 27. hxg3 Qf6) 27. Qe1 (27. Qf4 $15) 27... Kf7 {Played: Rb8-c8} 0-1

[Event "5th EKA IIFL Investment 2019"]
[Site "Mumbai"]
[Date "2020.01.01"]
[Round "3.60"]
[White "Souhardo Basak"]
[Black "Bakshi, Rutuja"]
[Result "1-0"]
[WhiteElo "2254"]
[BlackElo "2075"]
[Annotator "TA"]
[PlyCount "123"]
[EventDate "2019.12.30"]
[EventType "swiss"]
[EventCountry "IND"]
[SourceTitle "playchess.com"]
[Source "ChessBase"]
[SourceQuality "1"]

{[%evp 18,123,37,31,36,37,33,20,20,27,36,18,33,-97,30,0,28,29,30,28,39,44,34,13,26,19,13,16,29,21,35,0,22,0,31,30,588,0,15,0,35,28,25,0,24,13,29,0,22,0,29,0,17,15,17,13,37,12,32,0,16,0,25,25,22,35,27,18,21,16,47,20,31,12,24,17,15,17,20,10,10,15,18,14,420,436,427,446,441,362,29999,0,430,0,330,331,1030,1005,5035,5185,29982,29983,29994,29995,29995,29996,29997,29998]} 1. e4 e6 2. d4 d5 3. Nd2 c5 4. exd5 exd5 5. Ngf3 Nc6 6. Bb5 Bd6 7. O-O Nge7 8. dxc5 Bxc5 9. Nb3 Bd6 10. Re1 Bg4 {C09: French Tarrasch: 3...c5 4 exd5 exd5 5 Ngf3 Nc6} (10... O-O 11. h3 a6 12. Bd3 h6 13. c3 Bf5 14. Bxf5 Nxf5 15. Qd3 Qd7 16. Be3 Rfe8 17. Bc5 Bc7 18. Rad1 Rxe1+ 19. Rxe1 Rd8 20. Rd1 Qe6 21. Re1 {1-0 (54) Dominguez Perez,L (2732)-Ponkratov,P (2604) Berlin 2015}) 11. Be2 (11. c3 {looks sharper.} O-O 12. h3 Bh5 13. Be3 Re8 14. Be2) 11... O-O 12. Nfd4 Bxe2 {The position is equal.} 13. Rxe2 a6 14. Bg5 Qc7 15. Bc1 (15. Nf3 $14 {keeps the upper hand.}) 15... Qd8 ({Black should play} 15... Bxh2+ $17 16. Kh1 Bd6) 16. Bg5 $146 ({Predecessor:} 16. Be3 Qd7 17. c3 Rfe8 18. Qc2 Ne5 19. Bf4 {½-½ (31) McCluskey,F-Jensen,K Copenhagen 1993}) 16... Qc7 17. Bxe7 Nxe7 18. g3 Rad8 19. c3 Be5 20. Qe1 Bf6 21. Qd2 g6 22. Rae1 Nc8 23. Qe3 Ne7 24. Qd2 Nc8 25. Qe3 Nb6 26. Qf3 Nc8 $2 {[%mdl 8192] [#]} (26... Bg7 $11 {and Black stays safe.}) 27. Qe3 $2 ({White has to play} 27. Qxf6 $18 Qb6 28. Qg5) 27... Nb6 $11 28. Qf3 Bg7 29. Re7 Rd7 30. Re8 Qd6 31. R8e2 Qc7 32. Re8 Qd6 33. R8e2 Qc7 34. Re8 Qd6 35. Nc1 Nc4 36. Nd3 Rd8 37. R8e7 Rd7 38. Re8 Rd8 39. R8e7 Qb6 40. Nb3 Bf6 41. R7e2 Bg7 42. Nf4 Qf6 {[#] White must now prevent ...g5.} 43. Nd4 Kh8 44. Qg2 Qd6 45. b3 Ne5 46. Rd2 $36 {[%mdl 2048] Black is under pressure.} Nc6 47. Nde2 {[%cal Rf4d5]} d4 48. Nxd4 Bxd4 49. cxd4 Nxd4 {Strongly threatening ...Nf3+!} 50. Red1 Qb6 $2 {[%mdl 8192]} (50... Rfe8 $1 $11) 51. Nd5 $18 Rxd5 52. Qxd5 Ne6 53. Qd6 Nd4 $2 (53... Qb5 $18 54. Rd5 Qe2 55. Qe5+ Qxe5 56. Rxe5 Rb8) 54. Qd5 (54. Qxf8# $142) 54... Ne6 $1 55. Qd6 $2 (55. Qe5+ $18 Kg8 56. Rd7) 55... Qa5 $2 {[%mdl 8192]} (55... Nd4 $1 $11 56. Qxf8#) 56. Qe7 b5 $2 (56... b6 57. Rd6 Kg8) 57. Re2 Kg8 58. Rxe6 fxe6 59. Qxe6+ {White mates.} Kg7 60. Rd7+ Kh6 61. Qe3+ g5 62. Qe6+ {Accuracy: White = 37%, Black = 44%.} 1-0

[Event "5th EKA IIFL Investment 2019"]
[Site "Mumbai"]
[Date "2020.01.01"]
[Round "3.61"]
[White "Raahul V S"]
[Black "Makhija, Aashna"]
[Result "1-0"]
[WhiteElo "2252"]
[BlackElo "2068"]
[Annotator "TA"]
[PlyCount "37"]
[EventDate "2019.12.30"]
[EventType "swiss"]
[EventCountry "IND"]
[SourceTitle "playchess.com"]
[Source "ChessBase"]
[SourceQuality "1"]

{[%evp 20,23,0,-32,-42,-42]} 1. c4 e6 2. g3 d5 3. Bg2 Nf6 4. Nf3 Be7 5. O-O O-O 6. b3 c5 7. e3 Nc6 8. Bb2 d4 9. exd4 cxd4 10. Re1 Ne8 11. d3 f6 {A14: English Opening: 1...e6 with b3 by White} 12. Ba3 {[%mdl 32768] Loss on time!?} (12. Nbd2 e5 13. Ne4 Nc7 14. c5 Be6 15. Nfd2 Bd5 16. Nc4 Ne6 17. Ba3 b5 18. Ncd6 Bxd6 19. cxd6 {0-1 (67) Caruana,F (2795)-Nakamura,H (2787) Saint Louis 2016}) {Predecessor:} 12... e5 $146 13. Bxe7 Qxe7 14. a3 a5 15. Nbd2 Nc7 16. Qc2 Be6 17. Ne4 Kh8 18. h4 h6 19. Nh2 {½-½ (43) Hickl,J (2562)-Chuchelov,V (2603) Germany 2004} 1-0

[Event "5th EKA IIFL Investment 2019"]
[Site "Mumbai"]
[Date "2020.01.02"]
[Round "4.1"]
[White "Bogdanovich, Stanislav"]
[Black "Neverov, Valeriy"]
[Result "1-0"]
[WhiteElo "2562"]
[BlackElo "2460"]
[Annotator "TA"]
[PlyCount "97"]
[EventDate "2019.12.30"]
[EventType "swiss"]
[EventCountry "IND"]
[SourceTitle "playchess.com"]
[Source "ChessBase"]
[SourceQuality "1"]

{[%evp 22,97,-29,-31,0,-25,-22,-14,0,-46,-47,-31,0,-93,0,0,0,0,0,0,-5,-70,-75,-61,-12,-22,-27,-24,27,26,24,27,17,24,41,32,34,41,8,9,235,246,328,320,326,312,327,292,268,242,233,219,225,212,287,289,341,309,312,304,595,589,974,879,1647,1364,1853,719,5485,1816,5477,4801,12839,12837,12844,12844,12844,12844]} 1. e4 c5 2. Nf3 d6 3. d4 cxd4 4. Nxd4 Nf6 5. Nc3 a6 6. Bg5 e6 7. f4 Qb6 8. Nb3 Nbd7 9. Qf3 Be7 10. O-O-O Qc7 11. Bd3 b5 12. a3 Rb8 {B97: Sicilian Najdorf: Poisoned Pawn} 13. Rhe1 b4 14. axb4 Rxb4 {The position is equal.} 15. Qe2 h6 16. Bh4 Nxe4 17. Qg4 $146 (17. Bxe7 $1 $11 {keeps the balance.} Nxc3 18. bxc3 Qxc3 19. Bxd6 (19. Bg6 $2 Kxe7 20. Bxf7 Nc5 $19) 19... Rxb3 20. Qh5 Qb2+ 21. Kd2 Qc3+ 22. Kc1 Qb2+ 23. Kd2 Qc3+ 24. Kc1) ({Predecessor:} 17. Bxe7 Nxc3 18. bxc3 Rxf4 19. Qd2 Ra4 20. Rxe6 {1-0 (20) Poli,G (2456)-Schmidt,T (2505) ICCF email 2004}) 17... Ndf6 (17... Nxc3 18. Qxg7 Rf8 19. Bxe7 $14 (19. bxc3 Bxh4 20. cxb4 Bf6 $11)) (17... g5 $1 $17 18. Bxe4 (18. Rxe4 $2 Nf6 $19 {[%mdl 64] Double Attack}) 18... gxh4) 18. Bxf6 $1 $11 Nxf6 19. Qxg7 Rg8 20. Qxh6 Rxg2 {Black wants to play ...d5.} 21. Rg1 (21. Kb1 $11) 21... Rxg1 $1 $15 22. Rxg1 d5 23. Qh8+ Kd7 24. f5 d4 (24... e5 $142) 25. fxe6+ $11 fxe6 26. Rd1 Bb7 {Hoping for ...Rxb3.} 27. Kb1 Qc8 28. Qg7 Qf8 $1 {[%cal Rf8g7]} 29. Qxf8 Bxf8 30. Na2 {[#]} Ra4 $2 (30... Rxb3 $1 $11 {[%mdl 512] and Black is okay.} 31. cxb3 e5) 31. Rf1 $18 Be7 {[#]} 32. Rxf6 $1 {[%mdl 576] Deflection} Bxf6 33. Nc5+ {[%mdl 64] Double Attack} Kd6 34. Nxa4 e5 35. b4 e4 36. Bc4 ({Resist} 36. Nc5 $6 exd3 37. Nxb7+ Kc7 $16) 36... Bc6 {[#]} 37. Nb2 $1 Bb7 38. Nc1 Ke5 39. Nb3 Be7 40. Nc5 Bxc5 $2 (40... Bc8 {was necessary.} 41. Nxa6 Bd6) 41. bxc5 {White is clearly winning.} Bc6 42. Bxa6 Kd5 43. h4 Kxc5 44. h5 {aiming for h6.} Be8 45. h6 Bg6 {[#]} 46. Nd3+ $1 Kd6 (46... exd3 47. Bxd3) 47. Nf4 Bh7 48. Nh3 d3 49. Ng5 {Accuracy: White = 72%, Black = 38%.} 1-0

[Event "5th EKA IIFL Investment 2019"]
[Site "Mumbai"]
[Date "2020.01.02"]
[Round "4.2"]
[White "Deepan Chakkravarthy J."]
[Black "Das, Sayantan"]
[Result "1/2-1/2"]
[WhiteElo "2535"]
[BlackElo "2440"]
[Annotator "RC"]
[PlyCount "94"]
[EventDate "2019.12.30"]
[EventType "swiss"]
[EventCountry "IND"]
[SourceTitle "playchess.com"]
[Source "ChessBase"]
[SourceQuality "1"]
[TimeControl "40/5400+30:1800+30"]

1. c4 {[%emt 0:00:00]} e6 {[%emt 0:00:00]} 2. e3 {[%emt 0:01:34]} d5 {[%emt 0:00:45]} 3. Nf3 {[%emt 0:00:07]} Nf6 {[%emt 0:00:53]} 4. b3 {[%emt 0:00:46]} b6 {[%emt 0:02:39]} 5. Bb2 {[%emt 0:00:09]} Bb7 {[%emt 0:00:08]} 6. Be2 {[%emt 0:00:05]} Nbd7 {[%emt 0:00:36]} 7. O-O {[%emt 0:00:09]} Bd6 {[%emt 0:00:45]} 8. cxd5 {[%emt 0:00:08]} exd5 {[%emt 0:00:12]} 9. Nd4 {[%emt 0:01:24]} Be5 {[%emt 0:05:08]} 10. f4 {[%emt 0:02:21]} Bxd4 {[%emt 0:00:07]} 11. Bxd4 {[%emt 0:00:04]} c5 {[%emt 0:01:30]} 12. Bb2 {[%emt 0:00:34]} O-O {[%emt 0:00:11]} 13. Bf3 {[%emt 0:02:07]} Qe7 {[%emt 0:08:53]} 14. Nc3 {[%emt 0:01:29]} Rac8 {[%emt 0:02:55]} 15. Ne2 {[%emt 0:04:21]} Ba6 {[%emt 0:02:32]} 16. g4 {[%emt 0:02:04]} Rfe8 {[%emt 0:12:28]} 17. Rf2 {[%emt 0:02:20]} Ne4 {[%emt 0:05:26]} 18. Bxe4 {[%emt 0:01:33]} Qxe4 {[%emt 0:06:58]} 19. Ng3 {[%emt 0:00:06]} Qe6 {[%emt 0:00:54]} 20. g5 {[%emt 0:07:37]} Bd3 {[%emt 0:07:18]} 21. f5 {[%emt 0:16:36]} Qd6 {[%emt 0:02:00]} 22. Qh5 {[%emt 0:01:42]} d4 {[%emt 0:08:24]} 23. exd4 {[%emt 0:00:40]} c4 {[%emt 0:03:10]} 24. Qf3 {[%emt 0:16:35]} b5 {[%emt 0:02:22]} 25. bxc4 {[%emt 0:11:40]} Bxc4 {[%emt 0:04:09]} 26. d3 {[%emt 0:00:17]} Bd5 {[%emt 0:01:28]} 27. Ne4 {[%emt 0:00:07]} Qe7 {[%emt 0:09:52]} 28. Re2 {[%emt 0:00:41]} Bxe4 {[%emt 0:07:56]} 29. dxe4 {[%emt 0:00:02]} Qxg5+ {[%emt 0:00:05]} 30. Kh1 {[%emt 0:00:48]} Qe7 {[%emt 0:01:33]} 31. Rg1 {[%emt 0:00:30]} g6 {[%emt 0:01:44]} 32. e5 {[%emt 0:11:59]} Nf8 {[%emt 0:00:46]} 33. d5 {[%emt 0:05:43]} Qb7 {[%emt 0:00:33]} 34. Rd2 {[%emt 0:00:14]} Rcd8 {[%emt 0:00:37]} 35. Qe4 {[%emt 0:01:27]} Qc7 {[%emt 0:01:53]} 36. e6 {[%emt 0:03:40]} fxe6 {[%emt 0:00:08]} 37. fxg6 {[%emt 0:00:12]} h6 {[%emt 0:00:07]} 38. d6 {[%emt 0:01:39]} Qc5 {[%emt 0:00:31]} 39. Qf4 {[%emt 0:02:36]} Qf5 {[%emt 0:00:54]} 40. Qxh6 {[%emt 0:00:00]} e5 {[%emt 0:00:00]} 41. Qe3 {[%emt 0:02:38]} Rd7 {[%emt 0:06:46]} 42. Rf2 {[%emt 0:07:29]} Qe6 {[%emt 0:00:39]} 43. Qf3 {[%emt 0:00:15]} Rg7 {[%emt 0:06:12]} 44. Qf7+ {[%emt 0:04:45]} Rxf7 {[%emt 0:00:15]} 45. gxf7+ {[%emt 0:00:02]} Kh7 {[%emt 0:00:13]} 46. fxe8=Q {[%emt 0:00:21]} Qxe8 {[%emt 0:00:05]} 47. Rf5 {[%emt 0:02:00]} Ne6 {[%emt 0:07:30]} 1/2-1/2